[Event "17. Europa ch Juvenil - Masculino s12"]
[Site "Sibenik CRO"]
[Date "2007.09.18"]
[Round "5.3"]
[White "Bajarani, Ulvi"]
[Black "Bukavshin, Ivan"]
[Result "1/2-1/2"]
[WhiteElo "2164"]
[BlackElo "2250"]
[PlyCount "46"]
[EventDate "2007.09.14"]
[EventType "swiss"]
[EventRounds "9"]
[EventCountry "CRO"]
[Source "lmi"]
[SourceDate "2007.09.14"]

1. e4 c5 2. Nf3 d6 3. d4 cxd4 4. Nxd4 Nf6 5. Nc3 Nc6 6. Bc4 e6 7. Be3 Be7 8.
O-O O-O 9. Bb3 a6 10. f4 Nxd4 11. Bxd4 b5 12. e5 dxe5 13. fxe5 Nd7 14. a4 b4
15. Ne4 Bb7 16. Qe2 Qc7 17. Nd6 Bxd6 18. exd6 Qxd6 19. Rad1 Bd5 20. Bxd5 exd5
21. c4 Qe6 22. Qxe6 fxe6 23. cxd5 exd5 1/2-1/2

[Event "17. Europa ch Juvenil - Masculino s12"]
[Site "Sibenik CRO"]
[Date "2007.09.18"]
[Round "5.4"]
[White "Fedoseev, Vladimir"]
[Black "Beradze, Irakli"]
[Result "1/2-1/2"]
[WhiteElo "2237"]
[BlackElo "2109"]
[PlyCount "80"]
[EventDate "2007.09.14"]
[EventType "swiss"]
[EventRounds "9"]
[EventCountry "CRO"]
[Source "lmi"]
[SourceDate "2007.09.14"]

1. e4 c6 2. d4 d5 3. e5 g6 4. f4 h5 5. c3 Nh6 6. Nd2 Bg4 7. Ndf3 e6 8. Be3 Nf5
9. Bf2 Nd7 10. h3 Bxf3 11. Nxf3 h4 12. Bd3 Be7 13. O-O Qc7 14. Qe1 O-O-O 15.
Bxf5 gxf5 16. Bxh4 Bxh4 17. Nxh4 Rdg8 18. Kh2 Rg7 19. g3 Rgh7 20. Kg2 Qb6 21.
b4 Qa6 22. Rh1 Nb6 23. Nf3 Na4 24. Qd2 Nxc3 25. Ng5 Ne4 26. Nxe4 dxe4 27. a4
Qc4 28. h4 Rd8 29. Rhd1 Rg7 30. Ra3 Qd5 31. Re3 Rg4 32. Qc2 Kb8 33. Kf2 Rdg8
34. Qb3 Qd8 35. Rh1 a6 36. Qc4 Qd7 37. Qc5 Rd8 38. Rd1 Qe8 39. h5 Rd5 40. Qc4
f6 1/2-1/2

[Event "17. Europa ch Juvenil - Masculino s12"]
[Site "Sibenik CRO"]
[Date "2007.09.18"]
[Round "5.5"]
[White "Yudin, Ivan"]
[Black "Cruz Lledo, Pablo"]
[Result "1/2-1/2"]
[WhiteElo "2166"]
[BlackElo "1967"]
[PlyCount "48"]
[EventDate "2007.09.14"]
[EventType "swiss"]
[EventRounds "9"]
[EventCountry "CRO"]
[Source "lmi"]
[SourceDate "2007.09.14"]

1. e4 c6 2. d4 d5 3. Nc3 dxe4 4. Nxe4 Bf5 5. Ng3 Bg6 6. h4 h6 7. f4 Nd7 8. f5
Bxf5 9. Nxf5 Qa5+ 10. Bd2 Qxf5 11. Bd3 Qe6+ 12. Ne2 O-O-O 13. c4 Ngf6 14. Qc2
Qd6 15. O-O-O Qc7 16. Bf4 Qa5 17. Kb1 e6 18. a3 Be7 19. Bd2 Qc7 20. Qa4 Kb8 21.
Bf4 Bd6 22. Be3 Ng4 23. Bg1 h5 24. b4 Bh2 1/2-1/2

[Event "17. Europa ch Juvenil - Masculino s12"]
[Site "Sibenik CRO"]
[Date "2007.09.18"]
[Round "5.6"]
[White "Grigoryan, Karen H"]
[Black "Gabuzyan, Hovhannes"]
[Result "1/2-1/2"]
[WhiteElo "2150"]
[BlackElo "2030"]
[PlyCount "121"]
[EventDate "2007.09.14"]
[EventType "swiss"]
[EventRounds "9"]
[EventCountry "CRO"]
[Source "lmi"]
[SourceDate "2007.09.14"]

1. e4 c5 2. Nf3 d6 3. Bc4 Nf6 4. d3 Nc6 5. c3 e6 6. Bb3 Be7 7. O-O O-O 8. Re1
b6 9. Nbd2 Ba6 10. Bc2 Rc8 11. Nf1 Ne5 12. h3 Nxf3+ 13. Qxf3 d5 14. e5 Ne8 15.
Bf4 Bg5 16. Rac1 Bxf4 17. Qxf4 f5 18. exf6 Rxf6 19. Qg4 Qd6 20. d4 Bxf1 21.
Rxf1 Qf4 22. Qxf4 Rxf4 23. g3 Rf6 24. dxc5 bxc5 25. Rcd1 Nd6 26. Rfe1 Nc4 27.
Bb3 Nb6 28. Rd2 c4 29. Bd1 Kf7 30. Bg4 Rc6 31. Rde2 Na4 32. Rc2 Nc5 33. f4 g6
34. Kg2 h5 35. Bf3 h4 36. Rf1 hxg3 37. Kxg3 Rb6 38. Be2 Ra6 39. b3 cxb3 40.
axb3 Ra3 41. b4 Ne4+ 42. Kg2 Rxc3 43. Ra2 Rc7 44. Bd3 Nd6 45. Rf3 Rb7 46. Ra6
Ne8 47. Kg3 Ng7 48. b5 Ne8 49. Rf1 Nc7 50. Ra5 e5 51. fxe5 Rxf1 52. Bxf1 Ke6
53. Kf4 g5+ 54. Kxg5 Kxe5 55. h4 Ne6+ 56. Kh6 Nf8 57. Bd3 Rb6+ 58. Kg7 Ne6+ 59.
Kh7 Rb7+ 60. Kh6 Nc5 61. Bc2 1/2-1/2

[Event "17. Europa ch Juvenil - Masculino s12"]
[Site "Sibenik CRO"]
[Date "2007.09.18"]
[Round "5.7"]
[White "Talipov, Nafis"]
[Black "Pardo Simon, David"]
[Result "1/2-1/2"]
[WhiteElo "2021"]
[BlackElo "2080"]
[PlyCount "84"]
[EventDate "2007.09.14"]
[EventType "swiss"]
[EventRounds "9"]
[EventCountry "CRO"]
[Source "lmi"]
[SourceDate "2007.09.14"]

1. e4 e5 2. Nf3 Nc6 3. Bb5 a6 4. Ba4 Nf6 5. Bxc6 dxc6 6. d3 Bc5 7. Nbd2 Qe7 8.
h3 b5 9. Nf1 h6 10. Qe2 Bd6 11. Ne3 Be6 12. Bd2 Nd7 13. g3 O-O-O 14. O-O-O Bxa2
15. Nf5 Qf8 16. d4 Be6 17. Ne3 exd4 18. Nxd4 Kb7 19. f4 Nb6 20. c3 Bc5 21. Nec2
Bc4 22. Qf3 f6 23. Be3 a5 24. Rhe1 a4 25. Bg1 Qf7 26. Nxc6 Rxd1+ 27. Rxd1 Bxg1
28. Na5+ Ka6 29. Nxc4 Bc5 30. Nxb6 Kxb6 31. Qd3 c6 32. Qd7 Rf8 33. Qd3 Re8 34.
Nd4 Rd8 35. Qc2 g6 36. f5 gxf5 37. exf5 Qg8 38. Ne6 Rxd1+ 39. Qxd1 Be3+ 40. Kc2
Qxg3 41. Qd8+ Kb7 42. Qd7+ Kb6 1/2-1/2

[Event "17. Europa ch Juvenil - Masculino s12"]
[Site "Sibenik CRO"]
[Date "2007.09.18"]
[Round "5.8"]
[White "Andersen, Mads"]
[Black "Nasuta, Grzegorz"]
[Result "0-1"]
[WhiteElo "2070"]
[BlackElo "1958"]
[PlyCount "86"]
[EventDate "2007.09.14"]
[EventType "swiss"]
[EventRounds "9"]
[EventCountry "CRO"]
[Source "lmi"]
[SourceDate "2007.09.14"]

1. e4 c5 2. Nf3 d6 3. d4 cxd4 4. Nxd4 Nf6 5. Nc3 a6 6. Be2 e6 7. Be3 Bd7 8. O-O
Nc6 9. Kh1 b5 10. a3 Qc7 11. f4 Na5 12. Qe1 Nc4 13. Bxc4 Qxc4 14. Qg3 h5 15. e5
Ng4 16. Bg1 d5 17. f5 O-O-O 18. fxe6 fxe6 19. Rae1 Nh6 20. Rf3 Kb8 21. b3 Qc7
22. Nb1 Qb7 23. Qg6 Rc8 24. Nxe6 Rc6 25. Nxf8 Rxg6 26. Nxg6 Re8 27. Bd4 Nf5 28.
c3 Nxd4 29. cxd4 Qb6 30. Nf8 Bc8 31. Rd1 Ka8 32. Rdd3 Qh6 33. Rc3 g6 34. e6
Rxf8 35. e7 Re8 36. Rfe3 Bf5 37. Nd2 Qg7 38. Nf3 Rxe7 39. Ne5 Be4 40. Rc6 Rxe5
41. dxe5 Qxe5 42. Rec3 d4 43. R3c5 Qf4 0-1

[Event "17. Europa ch Juvenil - Masculino s12"]
[Site "Sibenik CRO"]
[Date "2007.09.18"]
[Round "5.9"]
[White "Monev, Alexander"]
[Black "Dragun, Kamil"]
[Result "1/2-1/2"]
[WhiteElo "1951"]
[BlackElo "2050"]
[PlyCount "66"]
[EventDate "2007.09.14"]
[EventType "swiss"]
[EventRounds "9"]
[EventCountry "CRO"]
[Source "lmi"]
[SourceDate "2007.09.14"]

1. e4 c5 2. Nf3 d6 3. d4 cxd4 4. Nxd4 Nf6 5. Nc3 Nc6 6. Bg5 Bd7 7. Qd2 Rc8 8.
O-O-O Nxd4 9. Qxd4 Qa5 10. Bxf6 gxf6 11. Bc4 Qc5 12. Bb3 Qxd4 13. Rxd4 Bg7 14.
Rd5 a6 15. f4 Bc6 16. Rd3 b5 17. a3 Rg8 18. g3 f5 19. Re1 Bxc3 20. Rxc3 fxe4
21. Bd5 Kd7 22. Bxc6+ Rxc6 23. Rxc6 Kxc6 24. Rxe4 e6 25. Kd2 d5 26. Re5 Rg7 27.
Rh5 a5 28. c3 Kd6 29. Rh6 Kc5 30. Kd3 a4 31. Rf6 Kd6 32. Kd4 Ke7 33. Rh6 Kd6
1/2-1/2

[Event "17. Europa ch Juvenil - Masculino s12"]
[Site "Sibenik CRO"]
[Date "2007.09.18"]
[Round "5.11"]
[White "Lugovskoy, Maxim"]
[Black "Rapport, Richard"]
[Result "0-1"]
[WhiteElo "2041"]
[BlackElo "2122"]
[PlyCount "64"]
[EventDate "2007.09.14"]
[EventType "swiss"]
[EventRounds "9"]
[EventCountry "CRO"]
[Source "lmi"]
[SourceDate "2007.09.14"]

1. d4 e6 2. Nf3 b6 3. c4 Bb7 4. g3 Bxf3 5. exf3 c5 6. Bg2 cxd4 7. Qxd4 Nc6 8.
Qd1 Rc8 9. O-O Na5 10. Nc3 Rxc4 11. Bf4 Nf6 12. Nb5 Nd5 13. Bd6 a6 14. Bxf8
Kxf8 15. Nd6 Rc6 16. Ne4 Nf6 17. Nxf6 gxf6 18. f4 d5 19. Re1 f5 20. Qh5 Qf6 21.
b3 Kg7 22. Re5 Rhc8 23. Qd1 Rc3 24. g4 fxg4 25. Qxg4+ Kh8 26. Rae1 Rc1 27. b4
Qxe5 28. fxe5 Rxe1+ 29. Bf1 Rg8 30. Qxg8+ Kxg8 31. bxa5 b5 32. Kg2 Ra1 0-1

[Event "17. Europa ch Juvenil - Masculino s12"]
[Site "Sibenik CRO"]
[Date "2007.09.18"]
[Round "5.12"]
[White "Pagerka, Martin"]
[Black "Sanzhaev, Darsen"]
[Result "1-0"]
[WhiteElo "2094"]
[BlackElo "2015"]
[PlyCount "65"]
[EventDate "2007.09.14"]
[EventType "swiss"]
[EventRounds "9"]
[EventCountry "CRO"]
[Source "lmi"]
[SourceDate "2007.09.14"]

1. e4 c5 2. Nf3 e6 3. d4 cxd4 4. Nxd4 Nc6 5. Nc3 Qc7 6. Be3 a6 7. Bd3 Nf6 8.
O-O Be7 9. Qe2 O-O 10. f4 d6 11. a4 Re8 12. Kh1 Bf8 13. h3 Nxd4 14. Bxd4 e5 15.
Be3 exf4 16. Rxf4 Be6 17. Raf1 Nd7 18. Nd5 Bxd5 19. exd5 Ne5 20. Bxh7+ Kxh7 21.
Qh5+ Kg8 22. Rh4 f6 23. Rxf6 gxf6 24. Qh8+ Kf7 25. Rh7+ Kg6 26. Rxc7 Nd7 27.
Rxd7 Rxe3 28. Qh7+ Kg5 29. h4+ Kf4 30. Qg6 Ke5 31. Qh5+ Kd4 32. c3+ Kd3 33.
Qd1+ 1-0

[Event "17. Europa ch Juvenil - Masculino s12"]
[Site "Sibenik CRO"]
[Date "2007.09.18"]
[Round "5.13"]
[White "Emiroglu, Cankut"]
[Black "Sanchez Ibern, Marc"]
[Result "1/2-1/2"]
[WhiteElo "1990"]
[BlackElo "2087"]
[PlyCount "75"]
[EventDate "2007.09.14"]
[EventType "swiss"]
[EventRounds "9"]
[EventCountry "CRO"]
[Source "lmi"]
[SourceDate "2007.09.14"]

1. e4 c5 2. Nf3 d6 3. c3 Nf6 4. Be2 g6 5. O-O Bg7 6. Re1 O-O 7. Bf1 Bg4 8. h3
Bxf3 9. Qxf3 Nc6 10. d3 h6 11. Qe2 e5 12. g3 Kh7 13. Bg2 a6 14. Be3 Qd7 15. Nd2
b5 16. Rf1 Nh5 17. Kh2 Rab8 18. Bf3 Nf6 19. Bg2 Ng8 20. f4 exf4 21. Bxf4 b4 22.
Nc4 bxc3 23. Bxd6 Rxb2 24. Qe1 Re8 25. e5 Rc2 26. Ne3 Nxe5 27. Nxc2 Ng4+ 28.
hxg4 Rxe1 29. Raxe1 Qxd6 30. Rxf7 Qxd3 31. Rb1 Qxc2 32. Rbb7 Kh8 33. Rxg7 Nf6
34. Rgf7 Nxg4+ 35. Kh3 Nf2+ 36. Kh2 Ng4+ 37. Kh3 Nf2+ 38. Kh2 1/2-1/2

[Event "17. Europa ch Juvenil - Masculino s12"]
[Site "Sibenik CRO"]
[Date "2007.09.18"]
[Round "5.14"]
[White "Nikologorskiy, Konstantin"]
[Black "Musialkiewicz, Jan"]
[Result "1/2-1/2"]
[WhiteElo "2084"]
[BlackElo "1926"]
[PlyCount "108"]
[EventDate "2007.09.14"]
[EventType "swiss"]
[EventRounds "9"]
[EventCountry "CRO"]
[Source "lmi"]
[SourceDate "2007.09.14"]

1. c4 e5 2. Nc3 Nf6 3. g3 d5 4. cxd5 Nxd5 5. Bg2 Nb6 6. Nf3 Nc6 7. O-O Be7 8.
d3 O-O 9. a3 Be6 10. b4 a5 11. b5 Nd4 12. Nd2 c6 13. bxc6 Nxc6 14. Na4 f5 15.
Rb1 Ra6 16. Bb2 e4 17. Nxb6 Rxb6 18. dxe4 Ba2 19. Ra1 Rxb2 20. Rxa2 Rxa2 21.
Qb3+ Kh8 22. Qxa2 f4 23. Nf3 Bc5 24. a4 Qe7 25. Qc4 b6 26. g4 Ne5 27. Nxe5 Qxe5
28. Rd1 Qg5 29. h3 Qh4 30. Rf1 h5 31. gxh5 Qxh5 32. Qd3 Qh4 33. Qf3 Rd8 34. Ra1
Rd2 35. Rf1 Rd8 36. Qc3 Qg5 37. Kh1 Rd4 38. Qb3 Rd8 39. Kg1 Qh4 40. Qc4 Qg5 41.
Qb3 Rd2 42. Qf3 Rd8 43. Kh2 Rd4 44. Ra1 Rd2 45. Rg1 Qh4 46. Rf1 Qg5 47. Kh1 Rd4
48. Ra1 Rd2 49. Kg1 Qe5 50. Rf1 Qg5 51. Kh2 Rd4 52. Ra1 Rd2 53. Kh1 Qh4 54. Rf1
Qg5 1/2-1/2

[Event "17. Europa ch Juvenil - Masculino s12"]
[Site "Sibenik CRO"]
[Date "2007.09.18"]
[Round "5.16"]
[White "Loiseau, Quentin"]
[Black "Tejedor Fuentes, Enrique"]
[Result "0-1"]
[WhiteElo "2051"]
[BlackElo "1918"]
[PlyCount "84"]
[EventDate "2007.09.14"]
[EventType "swiss"]
[EventRounds "9"]
[EventCountry "CRO"]
[Source "lmi"]
[SourceDate "2007.09.14"]

1. Nf3 Nf6 2. c4 e6 3. g3 d5 4. Bg2 Be7 5. O-O O-O 6. d4 Nbd7 7. b3 dxc4 8.
bxc4 c5 9. e3 Qc7 10. Ba3 Re8 11. Qb3 Rb8 12. Nc3 a6 13. Rab1 cxd4 14. Nxd4
Bxa3 15. Qxa3 e5 16. Nf5 Nc5 17. Nh4 e4 18. Na4 Nxa4 19. Qxa4 Bd7 20. Qb4 g5
21. Qc3 Kg7 22. f3 gxh4 23. fxe4 Qe5 24. Qd3 Be6 25. gxh4 Red8 26. Qe2 b5 27.
Rf4 bxc4 28. Rbf1 Ng8 29. Qf3 f6 30. Qg3+ Kh8 31. Kh1 c3 32. Rg1 Qc7 33. h5 c2
34. h6 Nxh6 35. Qh4 Ng8 36. Bh3 c1=Q 37. Bxe6 Rb1 38. Rxc1 Qxc1+ 39. Kg2 Qg1+
40. Kh3 Qxe3+ 41. Kg4 Rg1+ 42. Kh5 Rg5+ 0-1

[Event "17. Europa ch Juvenil - Masculino s12"]
[Site "Sibenik CRO"]
[Date "2007.09.18"]
[Round "5.17"]
[White "Omelyanchuk, Viktor"]
[Black "Hiti, Domen"]
[Result "1/2-1/2"]
[WhiteElo "2048"]
[BlackElo "1739"]
[PlyCount "106"]
[EventDate "2007.09.14"]
[EventType "swiss"]
[EventRounds "9"]
[EventCountry "CRO"]
[Source "lmi"]
[SourceDate "2007.09.14"]

1. e4 d5 2. exd5 Qxd5 3. Nc3 Qa5 4. d4 Nf6 5. Nf3 c6 6. Bc4 Bf5 7. Ne5 e6 8.
Bd2 Bb4 9. Qe2 Nbd7 10. O-O-O Bxc3 11. Bxc3 Qc7 12. Nxd7 Qxd7 13. d5 Qe7 14.
dxe6 fxe6 15. Rhe1 Ne4 16. Be5 Qg5+ 17. f4 Qg6 18. g4 Bxg4 19. Qxe4 Bxd1 20.
Qxg6+ hxg6 21. Rxd1 Rxh2 22. Rd6 Rh1+ 23. Kd2 Rd8 24. Rxd8+ Kxd8 25. Bxe6 Ke7
26. Bc8 b6 27. Bxg7 Rh2+ 28. Kd3 Kd8 29. Be6 Ke7 30. f5 Rf2 31. Ke3 Rf1 32. Ke4
Re1+ 33. Kf4 Rf1+ 34. Kg5 Rg1+ 35. Kh6 Rg2 36. Bc8 Kf7 37. f6 Rxc2 38. Kg5 Rxb2
39. Ba6 b5 40. a4 Rc2 41. axb5 cxb5 42. Kf4 b4 43. Bb7 Rc5 44. Be4 b3 45. Bd3
a5 46. Ke4 a4 47. Kd4 Rc2 48. Be4 Kg8 49. Bd5+ Kh7 50. Bf8 b2 51. Ba2 Rc1 52.
Ba3 Rf1 53. Ke5 b1=Q 1/2-1/2

[Event "17. Europa ch Juvenil - Masculino s12"]
[Site "Sibenik CRO"]
[Date "2007.09.18"]
[Round "5.18"]
[White "Blazeka, Matej"]
[Black "Tallo Dominguez, Imar"]
[Result "1/2-1/2"]
[WhiteElo "1910"]
[BlackElo "1993"]
[PlyCount "97"]
[EventDate "2007.09.14"]
[EventType "swiss"]
[EventRounds "9"]
[EventCountry "CRO"]
[Source "lmi"]
[SourceDate "2007.09.14"]

1. e4 c5 2. Nf3 d6 3. d4 cxd4 4. Nxd4 Nf6 5. Nc3 a6 6. Be2 e6 7. Be3 Qc7 8. O-O
Be7 9. f4 O-O 10. Qe1 b5 11. a3 Bb7 12. Bf3 Nbd7 13. Qg3 Nc5 14. f5 e5 15. Bh6
Ne8 16. Nde2 Kh8 17. Bg5 Nf6 18. Bxf6 Bxf6 19. Qf2 Rad8 20. Rad1 Na4 21. Nxa4
bxa4 22. Nc3 Bc6 23. Qe2 Qb6+ 24. Kh1 Qxb2 25. Qc4 Rc8 26. Nxa4 Qb5 27. Qxb5
Bxb5 28. Nb6 Rxc2 29. Rfe1 Bd8 30. Nd5 Ba5 31. Nb4 Rb2 32. Rxd6 Rxb4 33. axb4
Bxb4 34. Red1 Bxd6 35. Rxd6 f6 36. Kg1 Ra8 37. Rb6 Be8 38. Be2 a5 39. Bc4 a4
40. Bd5 Rc8 41. Ra6 h5 42. h4 Kh7 43. Kf2 Bb5 44. Ra5 Rc2+ 45. Kf3 Rc3+ 46. Kf2
Bc4 47. Rxa4 Bxd5 48. exd5 Rd3 49. Ra5 1/2-1/2

[Event "17. Europa ch Juvenil - Masculino s12"]
[Site "Sibenik CRO"]
[Date "2007.09.18"]
[Round "5.19"]
[White "Klabis, Rokas"]
[Black "Draskovic, Luka"]
[Result "1/2-1/2"]
[WhiteElo "1756"]
[BlackElo "1989"]
[PlyCount "38"]
[EventDate "2007.09.14"]
[EventType "swiss"]
[EventRounds "9"]
[EventCountry "CRO"]
[Source "lmi"]
[SourceDate "2007.09.14"]

1. e4 c5 2. Nf3 d6 3. d4 cxd4 4. Nxd4 Nf6 5. Nc3 g6 6. Be3 Bg7 7. f3 O-O 8. Qd2
Nc6 9. g4 Be6 10. O-O-O Nxd4 11. Bxd4 Qa5 12. h4 Bxa2 13. h5 e5 14. Be3 Be6 15.
Kb1 Rfc8 16. hxg6 fxg6 17. Bh3 Ne8 18. g5 Bxh3 19. Rxh3 Rc7 1/2-1/2

[Event "17. Europa ch Juvenil - Masculino s12"]
[Site "Sibenik CRO"]
[Date "2007.09.18"]
[Round "5.20"]
[White "Rindlisbacher, Lars"]
[Black "Karabayir, Mustafa Yilmaz"]
[Result "0-1"]
[WhiteElo "1949"]
[BlackElo "1808"]
[PlyCount "52"]
[EventDate "2007.09.14"]
[EventType "swiss"]
[EventRounds "9"]
[EventCountry "CRO"]
[Source "lmi"]
[SourceDate "2007.09.14"]

1. e4 e5 2. Nf3 Nf6 3. Nxe5 d6 4. Nf3 Nxe4 5. Nc3 Nxc3 6. dxc3 Be7 7. Bd3 Nd7
8. Be3 O-O 9. Qe2 Nf6 10. O-O-O c6 11. h4 Qa5 12. Kb1 Bg4 13. Bd4 Be6 14. c4 d5
15. Bxf6 Bxf6 16. Ng5 Qb4 17. Bxh7+ Kh8 18. c3 Bxc3 19. Ka1 Bf6 20. Bb1 Rfe8
21. Rde1 Kg8 22. f4 dxc4 23. Qc2 c3 24. Qh7+ Kf8 25. b3 c2+ 26. Re5 Qc3# 0-1

[Event "17. Europa ch Juvenil - Masculino s12"]
[Site "Sibenik CRO"]
[Date "2007.09.19"]
[Round "6.1"]
[White "Nyzhnyk, Illya"]
[Black "Chernyavskiy, Alexander"]
[Result "1-0"]
[WhiteElo "2341"]
[BlackElo "2259"]
[PlyCount "69"]
[EventDate "2007.09.14"]
[EventType "swiss"]
[EventRounds "9"]
[EventCountry "CRO"]
[Source "lmi"]
[SourceDate "2007.09.14"]

1. e4 g6 2. d4 Bg7 3. Nc3 d6 4. Bc4 Nf6 5. Nf3 O-O 6. O-O c6 7. Bb3 Qc7 8. a4
e5 9. h3 h6 10. Be3 Re8 11. Re1 a5 12. Qd2 Kh7 13. Rad1 Bf8 14. Qd3 Na6 15. Qe2
Nb4 16. Qc4 Re7 17. dxe5 dxe5 18. Bc5 Re8 19. Bxf8 Rxf8 20. Qc5 Re8 21. Nb5 Qe7
22. Nd6 Nd7 23. Qc3 Rf8 24. Rd2 f6 25. Red1 Nb6 26. Qc5 Qc7 27. Nxc8 Raxc8 28.
Rd7+ Nxd7 29. Qe7+ Kh8 30. Rxd7 Qxd7 31. Qxd7 g5 32. Qxb7 c5 33. c3 Nd3 34. Be6
Rb8 35. Qc7 1-0

[Event "17. Europa ch Juvenil - Masculino s12"]
[Site "Sibenik CRO"]
[Date "2007.09.19"]
[Round "6.2"]
[White "Bukavshin, Ivan"]
[Black "Savitskiy, Sergey"]
[Result "1-0"]
[WhiteElo "2250"]
[BlackElo "2127"]
[PlyCount "125"]
[EventDate "2007.09.14"]
[EventType "swiss"]
[EventRounds "9"]
[EventCountry "CRO"]
[Source "lmi"]
[SourceDate "2007.09.14"]

1. e4 e5 2. d4 exd4 3. Qxd4 Nc6 4. Qe3 Nf6 5. Nc3 Be7 6. Bc4 Nb4 7. Bb3 d5 8.
Nxd5 Nbxd5 9. exd5 Nxd5 10. Qg3 Bf6 11. Ne2 O-O 12. O-O Ne7 13. Qf3 Ng6 14. c3
Ne5 15. Qg3 Qd3 16. Nf4 Qxg3 17. fxg3 c6 18. Nh5 Bd8 19. Bf4 Bb6+ 20. Kh1 Nd3
21. Bd6 Bg4 22. Bxf8 Rxf8 23. Nf4 Nf2+ 24. Rxf2 Bxf2 25. Nd3 Bb6 26. Ne5 Be6
27. Bxe6 fxe6 28. Nf3 h6 29. Rd1 Rd8 30. Rxd8+ Bxd8 31. Nd2 Kf7 32. Ne4 Be7 33.
Kg1 e5 34. Kf2 Ke6 35. Ke3 g6 36. h3 Kd5 37. Kd3 Ke6 38. g4 Bf8 39. Nd2 Kd5 40.
Ne4 Ke6 41. c4 Be7 42. Nd2 h5 43. gxh5 gxh5 44. Ke4 b6 45. Nf3 Bf6 46. g4 hxg4
47. hxg4 b5 48. c5 a5 49. Ne1 b4 50. b3 Be7 51. Nd3 Bf6 52. Nb2 Bd8 53. Nc4 Bc7
54. g5 Bd8 55. g6 Bc7 56. g7 Kf7 57. Nxe5+ Kxg7 58. Nxc6 Kf6 59. Kd5 Kf7 60.
Kc4 Ke6 61. Kb5 Kd5 62. Nxa5 Bd8 63. Nc6 1-0

[Event "17. Europa ch Juvenil - Masculino s12"]
[Site "Sibenik CRO"]
[Date "2007.09.19"]
[Round "6.3"]
[White "Dubov, Daniil"]
[Black "Shurunov, Arseniy"]
[Result "1-0"]
[WhiteElo "2177"]
[BlackElo "2037"]
[PlyCount "51"]
[EventDate "2007.09.14"]
[EventType "swiss"]
[EventRounds "9"]
[EventCountry "CRO"]
[Source "lmi"]
[SourceDate "2007.09.14"]

1. e4 d6 2. d4 Nf6 3. Nc3 g6 4. f4 Bg7 5. Nf3 O-O 6. Bd3 c6 7. O-O Nbd7 8. e5
Ne8 9. Ne4 Nb6 10. Qe1 Nc7 11. Qh4 f6 12. Bd2 Be6 13. Rae1 Bc4 14. f5 gxf5 15.
exf6 exf6 16. Ng3 Bxd3 17. cxd3 Qd7 18. Qh5 Qf7 19. Qh3 Rad8 20. Nxf5 Rfe8 21.
Ng5 Qg6 22. Re7 Rd7 23. Rxd7 Nxd7 24. Nh4 Qh5 25. g4 Qh6 26. Ne4 1-0

[Event "17. Europa ch Juvenil - Masculino s12"]
[Site "Sibenik CRO"]
[Date "2007.09.19"]
[Round "6.4"]
[White "Beradze, Irakli"]
[Black "Bajarani, Ulvi"]
[Result "1-0"]
[WhiteElo "2109"]
[BlackElo "2164"]
[PlyCount "133"]
[EventDate "2007.09.14"]
[EventType "swiss"]
[EventRounds "9"]
[EventCountry "CRO"]
[Source "lmi"]
[SourceDate "2007.09.14"]

1. e4 e6 2. d4 d5 3. Nd2 c5 4. exd5 Qxd5 5. Ngf3 cxd4 6. Bc4 Qd6 7. O-O Nf6 8.
Nb3 Nc6 9. Nbxd4 Nxd4 10. Nxd4 a6 11. Re1 Qc7 12. Qe2 Be7 13. Bb3 O-O 14. c3
Bd6 15. h3 e5 16. Nf3 Bf5 17. Nh4 Bg6 18. Nxg6 hxg6 19. Be3 Rfe8 20. Rad1 Rad8
21. a4 Re7 22. Qc4 Qxc4 23. Bxc4 Red7 24. Bg5 Bc7 25. Bb3 Kf8 26. Kf1 e4 27.
Ke2 a5 28. Rxd7 Rxd7 29. Rd1 Rxd1 30. Kxd1 b6 31. Bc2 Ke8 32. Bd2 Be5 33. Ke2
Kd7 34. Bb3 Ke8 35. Bc4 Nd7 36. b4 f5 37. Bb5 Kd8 38. Bc4 Bd6 39. Bd5 Kc7 40.
f3 exf3+ 41. gxf3 Ne5 42. f4 Nc6 43. bxa5 bxa5 44. Bf7 Ne7 45. Kd3 Kb6 46. Kc4
Bc5 47. Bc1 Kc6 48. Be8+ Kb6 49. Kd3 Bg1 50. c4 Nc6 51. Bxg6 Nb4+ 52. Ke2 Kc5
53. Bxf5 Kxc4 54. Bb2 Bd4 55. Be6+ Kc5 56. Bxd4+ Kxd4 57. Kf3 Nd3 58. Bd7 Kd5
59. Kg4 Nc5 60. Bb5 Ke4 61. h4 Ne6 62. Bc6+ Ke3 63. f5 Nd4 64. Bd5 Ne2 65. h5
Nf4 66. Bc4 Ke4 67. f6 1-0

[Event "17. Europa ch Juvenil - Masculino s12"]
[Site "Sibenik CRO"]
[Date "2007.09.19"]
[Round "6.5"]
[White "Nasuta, Grzegorz"]
[Black "Yudin, Ivan"]
[Result "0-1"]
[WhiteElo "1958"]
[BlackElo "2166"]
[PlyCount "54"]
[EventDate "2007.09.14"]
[EventType "swiss"]
[EventRounds "9"]
[EventCountry "CRO"]
[Source "lmi"]
[SourceDate "2007.09.14"]

1. e4 c5 2. Nf3 d6 3. d4 cxd4 4. Qxd4 Nf6 5. Nc3 Bd7 6. Bg5 Nc6 7. Qd2 a6 8.
Bd3 e6 9. O-O Be7 10. Rad1 O-O 11. Ne2 h6 12. Bh4 b5 13. Bg3 Nh5 14. c3 Nxg3
15. hxg3 Qb6 16. Bc2 Rfd8 17. Nfd4 Ne5 18. Bb3 Rac8 19. Kh1 a5 20. Nf4 a4 21.
Ndxe6 fxe6 22. Nxe6 axb3 23. Nxd8 Rxd8 24. Qd5+ Kh8 25. Qxb3 Qc6 26. Qc2 Be6
27. b3 Qe8 0-1

[Event "17. Europa ch Juvenil - Masculino s12"]
[Site "Sibenik CRO"]
[Date "2007.09.19"]
[Round "6.6"]
[White "Gabuzyan, Hovhannes"]
[Black "Fedoseev, Vladimir"]
[Result "1-0"]
[WhiteElo "2030"]
[BlackElo "2237"]
[PlyCount "73"]
[EventDate "2007.09.14"]
[EventType "swiss"]
[EventRounds "9"]
[EventCountry "CRO"]
[Source "lmi"]
[SourceDate "2007.09.14"]

1. Nf3 Nf6 2. g3 g6 3. Bg2 Bg7 4. O-O O-O 5. c4 d6 6. Nc3 Nc6 7. d3 e5 8. Rb1
Ne7 9. e4 c6 10. Re1 a6 11. b4 b5 12. a4 Bd7 13. a5 Bg4 14. h3 Be6 15. cxb5
cxb5 16. Be3 Qe8 17. Rc1 Nc6 18. Ng5 Qd7 19. Nd5 Bxd5 20. exd5 Ne7 21. d4 Nfxd5
22. dxe5 dxe5 23. Bc5 Rfd8 24. Qf3 Nf5 25. Qd3 Rac8 26. Rcd1 Nd4 27. Nf3 Qc7
28. Nxd4 exd4 29. Qb3 Qb7 30. Bxd4 Bxd4 31. Rxd4 Rc4 32. Red1 Qe7 33. Bxd5 Rxd4
34. Rxd4 Qe1+ 35. Kg2 Kg7 36. Rd1 Qe2 37. Bf3 1-0

[Event "17. Europa ch Juvenil - Masculino s12"]
[Site "Sibenik CRO"]
[Date "2007.09.19"]
[Round "6.7"]
[White "Talipov, Nafis"]
[Black "Grigoryan, Karen H"]
[Result "1/2-1/2"]
[WhiteElo "2021"]
[BlackElo "2150"]
[PlyCount "61"]
[EventDate "2007.09.14"]
[EventType "swiss"]
[EventRounds "9"]
[EventCountry "CRO"]
[Source "lmi"]
[SourceDate "2007.09.14"]

1. e4 c5 2. Nc3 a6 3. g3 b5 4. Bg2 Bb7 5. d3 e6 6. f4 Nf6 7. Nf3 b4 8. Ne2 d5
9. e5 Nfd7 10. d4 cxd4 11. Nexd4 g6 12. Be3 Nc6 13. O-O Bg7 14. Qe1 a5 15. Qf2
O-O 16. Rad1 Rc8 17. Rfe1 Nxd4 18. Nxd4 Qe7 19. Nb5 Ba6 20. Nd6 Rc6 21. Bf1 f6
22. Bxa6 Rxa6 23. exf6 Bxf6 24. Nb5 Bxb2 25. Nd4 Nf6 26. Qe2 Raa8 27. Bc1 Bxd4+
28. Rxd4 Ne4 29. Bb2 Rac8 30. Qd3 Qf7 31. Rdxe4 1/2-1/2

[Event "17. Europa ch Juvenil - Masculino s12"]
[Site "Sibenik CRO"]
[Date "2007.09.19"]
[Round "6.8"]
[White "Rapport, Richard"]
[Black "Cruz Lledo, Pablo"]
[Result "1-0"]
[WhiteElo "2122"]
[BlackElo "1967"]
[PlyCount "49"]
[EventDate "2007.09.14"]
[EventType "swiss"]
[EventRounds "9"]
[EventCountry "CRO"]
[Source "lmi"]
[SourceDate "2007.09.14"]

1. e4 d5 2. exd5 Qxd5 3. Nc3 Qd6 4. d4 Nf6 5. Nge2 c6 6. Bf4 Qb4 7. Bc7 e6 8.
a3 Qe7 9. Bf4 Qd8 10. Ng3 Be7 11. Be2 O-O 12. O-O Nd5 13. Bd2 Nxc3 14. Bxc3 b6
15. Re1 Ba6 16. Bf3 Qc7 17. d5 Rd8 18. Nh5 Bf8 19. Qd4 cxd5 20. Nxg7 Qc4 21.
Nxe6 Qxd4 22. Nxd4 Bg7 23. Rad1 Bb7 24. Re7 Nd7 25. Bh5 1-0